La consolidation

Bibliographic Details
Main Author: Mercier, Stp̌hane
Format: Unknown
Language:French
Published: Bľgica : Edipro, 2005
Subjects:
Online Access:Acceso restringido

MARC

LEADER 00000ny a22000003n 4500
005 20110621115932.0
008 091214s2005 sp 000 0 fre d
020 |a 9782930287638 
035 |a 2383 
040 |a BUS   |d vLex 
090 |c 928  |d 928 
100 1 |a Mercier, Stp̌hane  
245 1 3 |a La consolidation  |h [Recurso electrn̤ico]  |c Stp̌hane Mercier  
256 |a Servicio en ln̕ea 
260 |a Bľgica :  |b Edipro,  |c 2005 
300 |a p. ;  |c cm 
506 1 |a Contenido solo disponible en los productos indicados  |d vLex Global  |d vLex Global (Academic Edition, excluding Law Schools)  |d vLex Global (U.S. Academic Edition, Law Schools)  |d vLex Global (U.S. Academic Edition, excluding Law Schools)  |d vLex Global (Academic Edition, Law Schools) 
650 0 4 |a Contabilidad 
650 0 4 |a Estados financieros 
740 0 |a vLex Libros (Servicios en ln̕ea) 
856 4 0 |u http://vlex.com/source/2383  |z Acceso restringido 
942 |c BOOK